000 00452cam a22001934a 4500
005 20250605164312.0
008 250528s ||||||||||||||||||||||||d
035 _a22523
020 _a9780735712430
040 _aGR-AtMCL
_bgre
_dGR-AtMCL
_eAACR2
245 1 _a3D GRAPHICS AND ANIMATION
250 _a2
260 _bNew Riders,
_c2002
300 _a588
700 1 _aGiambruno Mark
_98322
942 _cBK
999 _c7572
_d7572